Wo ist mein Heim, wo ist mein Vaterland?
| Titel: | Wo ist mein Heim, wo ist mein Vaterland? / Sieglinde Dorst |
|---|---|
| Verfasser: | |
| In: |
Schlesier in der DDR, (2009), Seite 112-118 alle Artikel anzeigen |
| Veröffentlicht: | 2009 |
| Format: | Aufsatz |
| Sprache: | Deutsch |
X
alg: 47484070 001A $03025:18-01-21 001B $01999:10-05-21 $t09:35:08.000 001D $03025:18-01-21 001U $0utf8 001X $00 002@ $0Aou 002C $aText $btxt $2rdacontent 002D $aohne Hilfsmittel zu benutzen $bn $2rdamedia 002E $aBand $bnc $2rdacarrier 003@ $0474840700 007A $0474840700 $aHEB 010@ $ager 010E $erda 011@ $a2009 013D $RQuelle $RBericht $RTagebuch $#Personal narratives $#Récits personnels $#Augenzeugenbericht Formschlagwort $#Eindrücke Formschlagwort $#Erlebnisgeschichte $#Reportage Formschlagwort $#Erfahrungsbericht $#Persönlicher Bericht $74133254-4 $8Erlebnisbericht [Ts1] $9085482919 021A $aWo ist mein Heim, wo ist mein Vaterland? $hSieglinde Dorst 028A $BVerfasser $4aut $8Dorst, Sieglinde$Z1930- [Tp3] $9474840557 031A $h112-118 $j2009 039B $aEnthalten in $8--Aau--. Schlesier in der DDR. - Görlitz : Schlesisches Museum, 2009. - 135 S.. - ISBN 978-3-00-027299-8 $x200900000000000888 $9211423262 044K $RLandkreis Hettstedt $RLandkreis Eisleben $RLandkreis Mansfeld-Südharz $#Kreis Mansfelder Land $#Mansfelder Land $#Landkreis Mansfelder Land, Kreisverwaltung $#Kreisverwaltung Landkreis Mansfelder Land $74037393-9 $8Landkreis Mansfelder Land [Tg1] $9085101745 044K $REingliederung $#Absorption $#Intégration $#integration $#Integration $#Integration $74027238-2 $8Integration [Ts1] $9085069124 045F $a306.0943850904 $eDDC23BSB 045F/01 $a306.09 045F/03 $f0904 045F/03 $g4385 045F/03 $g4371 045F/03 $g4318 045R $aGeschichte 1945-2008 lok: 47484070 78 exp: 47484070 78 1 #EPN 201B/01 $018-01-21 $t13:53:14.000 201C/01 $018-01-21 201U/01 $0utf8 203@/01 $01137012188 208@/01 $a18-01-21 $be 209A/01 $a/ $f000 $x00 209A/01 $ab*p $x01 209A/01 $aBetr. auch den aus Neisse stammenden Ehemann der Verfasserin $x03 220C/01 $apgar 244Z/01 $#Böhmische Kronländer $#Länder der Böhmischen Krone $#Sudetenland $#Böhmen $#Mähren $#Mährisch-Schlesien $#Österreichisch-Schlesien $#Tschechische Sozialistische Republik Böhmische Länder $#Tschechei Böhmische Länder $#Země koruny české $74069573-6 $8--Tg1--Böhmische Länder $x01 $9085195553 244Z/01 $#Schlesien $#Schlesien $#Herzogtum Schlesien $#Herzogtum Schlesien Schlesien $#Provinz Schlesien $#Śla̜sk $#Slezsko $#Silesia $74052678-1 $8--Tg1--Schlesien $x02 $9085146781 244Z/01 $8--Tp3--Dorst, Sieglinde$Z1930- $x03 $9474840557 244Z/01 $#Teachers $#Enseignants $#Profesores $#teachers $#Lehrkräfte $#Lehrer $#Lehrkraft Lehrer $#Schulmann $#Schulmeister $#Präzeptor $#Praeceptor $74035088-5 $8--Ts1--Lehrer $x04 $9085094587 247C/01 $82080>Marburg/Lahn, Herder-Institut, Forschungsbibliothek, Bibliographieportal $9336309341
| LEADER | 00000caa a2200000 c 4500 | ||
|---|---|---|---|
| 001 | 474840700 | ||
| 003 | DE-603 | ||
| 005 | 20210510093508.0 | ||
| 007 | tu | ||
| 008 | 210118s2009 xx |||| | u00||u|ger c | ||
| 035 | |a (DE-599)HEB474840700 | ||
| 040 | |a DE-603 |b ger |c DE-603 |d DE-603 |e rda | ||
| 041 | |a ger | ||
| 082 | 0 | 4 | |8 1\u |a 306.0943850904 |q DE-101 |2 23/BSB |
| 085 | |8 1\u |b 306.09 | ||
| 085 | |8 1\u |z 1 |s 0904 | ||
| 085 | |8 1\u |z 2 |s 4385 | ||
| 085 | |8 1\u |z 2 |s 4371 | ||
| 085 | |8 1\u |z 2 |s 4318 | ||
| 100 | 1 | |a Dorst, Sieglinde |d 1930- |e Verfasser |4 aut |0 (DE-603)474840557 |0 (DE-588)1225312752 |2 gnd | |
| 245 | 0 | 0 | |a Wo ist mein Heim, wo ist mein Vaterland? |c Sieglinde Dorst |
| 264 | 0 | |c 2009 | |
| 336 | |a Text |b txt |2 rdacontent | ||
| 337 | |a ohne Hilfsmittel zu benutzen |b n |2 rdamedia | ||
| 338 | |a Band |b nc |2 rdacarrier | ||
| 648 | 7 | |a Geschichte 1945-2008 |2 gnd | |
| 650 | 7 | |a Integration |0 (DE-588)4027238-2 |0 (DE-603)085069124 |2 gnd | |
| 651 | 7 | |a Landkreis Mansfelder Land |0 (DE-588)4037393-9 |0 (DE-603)085101745 |2 gnd | |
| 655 | 7 | |a Erlebnisbericht |2 gnd-content |0 (DE-588)4133254-4 |0 (DE-603)085482919 | |
| 773 | 0 | 8 | |i Enthalten in |t Schlesier in der DDR |d Görlitz : Schlesisches Museum, 2009 |h 135 S. |z 9783000272998 |g (2009), Seite 112-118 |w (DE-603)211423262 |
| 924 | 0 | |9 2080 |a (DE-603)1137012188 |b DE-2080 |c HES |d d |g / | |


